00329nam a2200097Ia 4500008004100000020001800041100002100059245008100080260005200161300001800213180219s9999 xx 000 0 und d a9780199642113 aDonyai, Parastou aSuccessful learning in pharmacy :bdeveloping study and communication skills aUnited Kingdom :bOxford university pressc2017 aix, 220 pages